<The> Economics of David Ricardo

Na minha lista:
Detalhes bibliográficos
Autor principal: Hollander, Samuel
Formato: Livro
Idioma:inglês
Publicado em: London Heinemann Educational Books 1979
Tags: Adicionar Tag
Sem tags, seja o primeiro a adicionar uma tag!

MARC

LEADER 00000nam a2200000 4500
001 c142535
005 20041019155325.1
041 0 |a eng 
044 |a GB 
245 1 0 |a <The> Economics of David Ricardo  |c Samuel Hollander 
264 1 |a London  |b Heinemann Educational Books  |c 1979 
300 |a 759 s. 
100 1 |a Hollander, Samuel